|
|
|
|
| LEADER |
00000nas a2200000 4500 |
| 001 |
ssj0008383 |
| 003 |
WaSeSS |
| 005 |
20200512172242.0 |
| 006 |
m d |
| 007 |
cr n |
| 008 |
751101c19079999flumr p s 0 a0eng |
| 010 |
|
|
|a 08004680
|
| 022 |
|
|
|l 0043-9940
|y 0043-9940
|
| 032 |
|
|
|a 504830
|b USPS
|
| 035 |
|
|
|a (WaSeSS)ssj0008383
|
| 037 |
|
|
|b Yachting, P.O. Box 2775, Boulder, CO 80302
|
| 040 |
|
|
|a DLC
|b eng
|c MUL
|d YUS
|d NSD
|d DLC
|d NSD
|d AIP
|d NSD
|d NST
|d DLC
|d GUA
|d OCLCQ
|d DIBAM
|d DLC
|d OCLCQ
|d DLC
|d OCLCF
|d OCLCO
|d ISL
|d YDXCP
|d OCLCQ
|d GILDS
|d WaSeSS
|
| 042 |
|
|
|a nsdp
|a pcc
|
| 050 |
0 |
0 |
|a GV771
|b .Y2
|
| 082 |
0 |
|
|a 797.1/05
|
| 210 |
0 |
|
|a Yachting
|b (N.Y.N.Y.)
|
| 222 |
|
0 |
|a Yachting
|b (New York, N.Y.)
|
| 245 |
0 |
0 |
|a Yachting
|h [electronic resource].
|
| 260 |
|
|
|a [Los Angeles, Calif., etc.],
|b [CBS Magazines, etc.]
|
| 310 |
|
|
|a Monthly
|
| 362 |
0 |
|
|a v. 1- Jan. 1907-
|
| 500 |
|
|
|a Publisher by: Bonnier Corp. ; Winter Park, FL <2011->
|
| 506 |
|
|
|a License restrictions may limit access.
|
| 650 |
|
0 |
|a Yachting
|v Periodicals.
|
| 650 |
|
7 |
|a Yachting.
|2 fast
|0 (OCoLC)fst01182188
|
| 650 |
|
7 |
|a Yachts and yachting
|x PUBLICACIONES PERIODICAS.
|2 renib
|
| 655 |
|
0 |
|a Electronic journals.
|
| 850 |
|
|
|a DLC
|a MBU
|a MoKL
|a MoKU
|a NN
|
| 853 |
2 |
0 |
|8 1
|a v.
|b no.
|u 6
|v r
|i (year)
|j (month)
|w m
|x 01,07
|
| 856 |
4 |
0 |
|z Full text available from Research Library: 11/01/2003 to present
|u https://search.proquest.com/publication/41589
|
| 863 |
4 |
1 |
|8 1.1
|a <192>
|b <2>
|i <2002>
|j <08>
|